মহাবাণী: (Record no. 17997)
[ view plain ]
| 000 -LEADER | |
|---|---|
| fixed length control field | 01049nam a22002177a 4500 |
| 003 - CONTROL NUMBER IDENTIFIER | |
| control field | BDDh-ASL |
| 005 - DATE AND TIME OF LATEST TRANSACTION | |
| control field | 20231015025652.0 |
| 008 - FIXED-LENGTH DATA ELEMENTS--GENERAL INFORMATION | |
| fixed length control field | 200916b1977 ||||| |||| 00| 0 d |
| 040 ## - CATALOGING SOURCE | |
| Original cataloging agency | BDDh-ASL |
| Transcribing agency | BDDh-ASL |
| Modifying agency | BDDh-ASL |
| 041 ## - LANGUAGE CODE | |
| Language code of text/sound track or separate title | bengali |
| 082 ## - DEWEY DECIMAL CLASSIFICATION NUMBER | |
| Classification number | 297.12 |
| Item number | SHM |
| 100 1# - MAIN ENTRY--PERSONAL NAME | |
| Personal name | শহীদুল্লাহ্, ডক্টর মুহম্মদ |
| 9 (RLIN) | 796 |
| 245 1# - TITLE STATEMENT | |
| Title | মহাবাণী: |
| Remainder of title | কুরআনুল করীমের আমপারা অংশ/ |
| Statement of responsibility, etc. | ডক্টর মুহম্মদ শহীদুল্লাহ্। |
| 246 ## - VARYING FORM OF TITLE | |
| Title proper/short title | Mahabani. |
| 260 ## - PUBLICATION, DISTRIBUTION, ETC. | |
| Place of publication, distribution, etc. | ঢাকা: |
| Name of publisher, distributor, etc. | রেনেসাঁস প্রিন্টার্স, |
| Date of publication, distribution, etc. | ১৯৭৭। |
| 300 ## - PHYSICAL DESCRIPTION | |
| Extent | ১৭৩ পৃষ্ঠা: |
| Dimensions | ১৮ সে. মি.। |
| 500 ## - GENERAL NOTE | |
| General note | গ্রন্থপঞ্জি সংযুক্ত। |
| 650 #0 - SUBJECT ADDED ENTRY--TOPICAL TERM | |
| 9 (RLIN) | 798 |
| Topical term or geographic name entry element | ইসলামিক সমাজ ব্যবস্থা |
| General subdivision | ইসলাম ধর্ম |
| 700 #0 - ADDED ENTRY--PERSONAL NAME | |
| 9 (RLIN) | 799 |
| Personal name | সফিয়ুাল্লাহ্, মুহম্মদ |
| 942 ## - ADDED ENTRY ELEMENTS (KOHA) | |
| Source of classification or shelving scheme | Dewey Decimal Classification |
| Koha item type | Books |
| Withdrawn status | Lost status | Source of classification or shelving scheme | Damaged status | Not for loan | Collection code | Home library | Current library | Shelving location | Date acquired | Source of acquisition | Total Checkouts | Full call number | Barcode | Date last seen | Copy number | Price effective from | Koha item type |
|---|---|---|---|---|---|---|---|---|---|---|---|---|---|---|---|---|---|
| Dewey Decimal Classification | Non-fiction | Asiatic Society Library | Asiatic Society Library | General Stacks | 09/16/2020 | Complementary | 297.12 SHM | 101140 | 09/16/2020 | C-1 | 09/16/2020 | Books | |||||
| Dewey Decimal Classification | Non-fiction | Asiatic Society Library | Asiatic Society Library | General Stacks | 09/16/2020 | Complementary | 297.12 SHM | 101141 | 09/16/2020 | C-2 | 09/16/2020 | Books |